Diseño del sistema de abastecimiento de agua potable y Saneamiento para la comunidad el balsamo, del municipio de Terrabona, departamento de Matagalpa

El estudio propone el diseño de un sistema de abastecimiento de agua potable y el componente de saneamiento e higiene, que sea ideal para solventar la demanda del recurso en la comunidad durante todo el año y con un periodo de diseño que cumpla con los requisitos de las normas técnicas obligator...

Full description

Bibliographic Details
Main Authors: Artola Ruiz, Ballardo José, Obando Baltodano, William Johan
Other Authors: Tutor: Pérez Blandón, Keyling Ninoska
Format: Tesis Section = Libro
Language:Undetermined
Spanish
Published: Managua UNI 2021
Subjects:
LEADER 01266nam a2200289Ia 4500
008 240830s9999 xx 000 0 und d
040 |a BIBLIOTECA-RUPAP Mon 628.72 A792 
041 |a spa 
082 |a Mon 628.72 A792 
100 1 |a Artola Ruiz, Ballardo José 
100 1 |b Obando Baltodano, William Johan 
245 1 0 |a Diseño del sistema de abastecimiento de agua potable y Saneamiento para la comunidad el balsamo, del municipio de Terrabona, departamento de Matagalpa 
260 |a Managua  |b UNI  |c 2021 
300 |a 111 p. :il. 
500 |a Contiene: anexos y CD. 
502 |a Tesis (Ingeniero Civil) - UNI, 2021. 
520 3 |a El estudio propone el diseño de un sistema de abastecimiento de agua potable y el componente de saneamiento e higiene, que sea ideal para solventar la demanda del recurso en la comunidad durante todo el año y con un periodo de diseño que cumpla con los requisitos de las normas técnicas obligatorias nicaragüenses 
650 7 |a AGUA POTABLE 
650 7 |b  ABASTECIMIENTO DE AGUA 
650 7 |c  SANEAMIENTO 
650 7 |d  SALUD PUBLICA 
650 7 |e  RECURSOS HICRICOS 
650 7 |f  DISEÑO HIDRAULICO 
700 1 |a Tutor:  |b Pérez Blandón, Keyling Ninoska 
942 |c BK  |2 ddc 
991 |a TESIS 
999 |c 19067